000 00471nam a22001577a 4500
005 20260106100458.0
008 260106b |||||||| |||| 00| 0 eng d
020 _a978-81-19364-94-7
100 _aWINSTON, WAYNE L.
245 _aMICROSOFT EXCEL DATA ANALYSIS AND BUSINESS MODELING
_bOFFICE 2021 AND MICROSOFT 365
250 _a7TH ED
260 _aDELHI
_bPHI LEARNING
_c2022
300 _aXXX, 1128P.
650 _aMICROSOFT EXCEL (COMPUTER FILE)
942 _2lcc
_cBK
999 _c216407
_d216407